1783 1195 1303 1515 1003 1155 1130 1535 1346 1447 1244 1164 1380 1705 1318 1530 1051 1248 1373 1236 1728 1732 1562 1174 1662 1666 1666 1748 1866 1858 1452 1284 1112 1858 1295 1862 1486 1881 1861 1955 1676 1428 1451 1387 1629 1500 1632 1584 1317 1230 1535 1636 1686 1068 1571 1069 1645 1589 1674 1412 1220 1384 1697 1597 1408 1627 1920 1964 1779 1152 1055 1596 1719 1796 1160 1696 1120 1233 1046 1832 1659 1398 1720 1183 1394 1848 1557 1150 1629 1668 1154 1170 1442 1092 1235 1945 1382 1472 1704 BCNSPRNW ULIB Ver.6.0+V

เปลี่ยนเป็นภาษาไทย

Change to English
 แสดงรายละเอียดบรรณานุกรม
  กลับหน้าหลัก

Brief Record : Get Marc (ISO 2709) : E-mail record : QR code < ปิดหน้าต่าง
LEADER : 00000nam 2200000uu 4500
001    13399111265
003     ULIB
008    110621s1999||||th 000 0 eng d
020    0874349427 (pbk.)
060 04 WX159^bM891 1999
245 00 Medication teaching aids
250    2nd ed.
260    Springhouse, Pa. :^bSrpinghouse Corp.,^c1999
300    v, 426 p. :^bill. ;^c28 cm.
504    Includes index
650  2 Drug Therapy^xHandbooks
650  2 Drugs^xAdministration & dosage^xHandbooks
650  2 Patient Education as Topic^xHandbooks
650  2 Pharmaceutical Preparations^xadministration & dosage
945    ^p0^l0^i011515
999 ^a ใช้งานได้ทุกระบบ
รายการนี้ยังไม่มีแท็ก
คุณยังไม่ได้ล็อกอิน คุณสามารถมีกิจกรรมร่วมกับเว็บไซต์ได้ แต่ต้องล็อกอินก่อน ::
  ล็อกอิน

รายการสื่อสารสนเทศ

ลำดับที่ ประเภท เลขเรียก/บาร์โค้ด สถานที่ สถานะ
- ไม่พบข้อมูล -

รายการใกล้เคียง
    หัวเรื่อง [Pharmaceutical Preparations administration & dosage]

BibComment


ยังไม่เคยถูกคอมเมนท์

คอมเมนท์ทรัพยากรรายการนี้
  คอมเมนท์: Medication teachi..


 Copyright 2026. Bcnsprnw @Library